[Event "84th ESP-ch 2019"]
[Site "Marbella"]
[Date "2019.11.20"]
[Round "5.12"]
[White "Garcia Romero, Benjamin Abel"]
[Black "Huerga Leache, Mikel"]
[Result "0-1"]
[WhiteElo "2234"]
[BlackElo "2456"]
[Annotator "ChessBase"]
[PlyCount "73"]
[EventDate "2019.11.16"]
[EventType "swiss"]
[EventCountry "ESP"]
[SourceTitle "playchess.com"]
[Source "ChessBase"]
[SourceQuality "1"]
[TimeControl "5400+30"]

1. d4 {[%emt 0:01:02]} e6 {[%emt 0:04:53]} 2. c4 {[%emt 0:01:27]} d5 {[%emt 0:02:19]} 3. Nf3 {[%emt 0:00:22]} a6 {[%emt 0:00:18]} 4. g3 {[%emt 0:10:10]} dxc4 {[%emt 0:00:35]} 5. Bg2 {[%emt 0:00:24]} b5 {[%emt 0:02:07]} 6. Ne5 {[%emt 0:10:26]} c6 {[%emt 0:00:20]} 7. O-O {[%emt 0:07:13]} Bb7 {[%emt 0:00:58]} 8. a4 {[%emt 0:02:51]} Ne7 {[%emt 0:02:31]} 9. b3 {[%emt 0:01:11]} cxb3 {[%emt 0:00:50]} 10. axb5 {[%emt 0:04:50]} axb5 {[%emt 0:00:32]} 11. Rxa8 {[%emt 0:00:15]} Bxa8 {[%emt 0:00:04]} 12. Qxb3 {[%emt 0:01:42]} Nd7 {[%emt 0:10:01]} 13. Nc3 {[%emt 0:12:05]} Nd5 {[%emt 0:03:02]} 14. Nxd5 {[%emt 0:05:01]} exd5 {[%emt 0:03:29]} 15. e4 {[%emt 0:08:01]} Nxe5 {[%emt 0:00:56]} 16. exd5 {[%emt 0:00:25]} Ng6 {[%emt 0:03:21]} 17. dxc6 {[%emt 0:00:37]} Qc7 {[%emt 0:08:35]} 18. Qa2 {[%emt 0:03:08]} Bxc6 {[%emt 0:02:56]} 19. Qc2 {[%emt 0:03:45]} Kd7 {[%emt 0:00:21]} 20. Bh3+ {[%emt 0:03:47]} Kd8 {[%emt 0:00:26]} 21. Bd2 {[%emt 0:00:49]} Bb7 {[%emt 0:09:50]} 22. Qa2 {[%emt 0:01:04]} Qc6 {[%emt 0:00:36]} 23. f3 {[%emt 0:02:02]} Ke8 {[%emt 0:02:13]} 24. Qa7 {[%emt 0:07:55]} Bd6 {[%emt 0:02:04]} 25. Re1+ {[%emt 0:00:59]} Ne7 {[%emt 0:01:00]} 26. Bb4 {[%emt 0:00:22]} Bxb4 {[%emt 0:03:31]} 27. Qb8+ {[%emt 0:00:19]} Bc8 {[%emt 0:00:05]} 28. Bxc8 {[%emt 0:01:36]} Bd6 {[%emt 0:02:25]} 29. Bd7+ {[%emt 0:03:15]} Kxd7 {[%emt 0:00:06]} 30. Qxh8 {[%emt 0:00:04]} Qc3 {[%emt 0:00:20]} 31. Rf1 {[%emt 0:06:40]} Qxd4+ {[%emt 0:00:14]} 32. Kg2 {[%emt 0:00:52]} Nf5 {[%emt 0:00:13]} 33. Kh3 {[%emt 0:00:34]} Qd3 {[%emt 0:03:30]} 34. Re1 {[%emt 0:00:31]} Ne3 {[%emt 0:01:03]} 35. Qa8 {[%emt 0:00:36]} Qf5+ {[%emt 0:03:40]} 36. g4 {[%emt 0:00:04]} Qf4 {[%emt 0:00:03]} 37. Re2 {[%emt 0:00:04]} 0-1

[Event "84th ESP-ch 2019"]
[Site "Marbella"]
[Date "2019.11.20"]
[Round "5.13"]
[White "Ramirez Diaz, Jose Ramon"]
[Black "Merario Alarcon, Andres"]
[Result "0-1"]
[WhiteElo "2171"]
[BlackElo "2394"]
[Annotator "ChessBase"]
[PlyCount "56"]
[EventDate "2019.11.16"]
[EventType "swiss"]
[EventCountry "ESP"]
[SourceTitle "playchess.com"]
[Source "ChessBase"]
[SourceQuality "1"]
[TimeControl "5400+30"]

1. e4 {[%emt 0:00:00]} c5 {[%emt 0:02:10]} 2. Nf3 {[%emt 0:00:00]} d6 {[%emt 0:01:28]} 3. d4 {[%emt 0:00:05]} cxd4 {[%emt 0:00:09]} 4. Nxd4 {[%emt 0:00:06]} Nf6 {[%emt 0:00:12]} 5. Nc3 {[%emt 0:00:08]} a6 {[%emt 0:02:06]} 6. Qe2 {[%emt 0:00:21]} e5 {[%emt 0:00:44]} 7. Nf5 {[%emt 0:00:24]} d5 {[%emt 0:00:10]} 8. Bg5 {[%emt 0:01:22]} d4 {[%emt 0:00:07]} 9. O-O-O {[%emt 0:00:29]} Nc6 {[%emt 0:00:29]} 10. Qf3 {[%emt 0:06:22]} Qa5 {[%emt 0:00:41]} 11. Bxf6 {[%emt 0:03:03]} dxc3 {[%emt 0:00:11]} 12. Nxg7+ {[%emt 0:25:19]} Bxg7 {[%emt 0:00:11]} 13. Bxg7 {[%emt 0:00:07]} Rg8 {[%emt 0:04:03]} 14. Qf6 {[%emt 0:09:11]} cxb2+ {[%emt 0:27:43]} 15. Kxb2 {[%emt 0:00:24]} Qb4+ {[%emt 0:01:57]} 16. Kc1 {[%emt 0:00:18]} Qa3+ {[%emt 0:02:24]} 17. Kd2 {[%emt 0:02:36]} Qa5+ {[%emt 0:06:25]} 18. Ke3 {[%emt 0:07:46]} Qc5+ {[%emt 0:02:03]} 19. Kd2 {[%emt 0:01:06]} Bg4 {[%emt 0:03:42]} 20. f3 {[%emt 0:02:49]} Rd8+ {[%emt 0:04:06]} 21. Bd3 {[%emt 0:04:48]} Be6 {[%emt 0:06:21]} 22. Rhe1 {[%emt 0:05:08]} Nb4 {[%emt 0:07:04]} 23. Rc1 {[%emt 0:03:32]} Nxa2 {[%emt 0:06:21]} 24. Rb1 {[%emt 0:00:59]} Nb4 {[%emt 0:00:39]} 25. Rb2 {[%emt 0:04:48]} Nxd3 {[%emt 0:02:53]} 26. cxd3 {[%emt 0:00:21]} Qa3 {[%emt 0:00:59]} 27. Reb1 {[%emt 0:02:43]} Qxd3+ {[%emt 0:00:21]} 28. Ke1 {[%emt 0:00:12]} Qe3+ {[%emt 0:00:10]} 0-1

[Event "84th ESP-ch 2019"]
[Site "Marbella"]
[Date "2019.11.20"]
[Round "5.14"]
[White "Berrocal Ruiz, Valentin"]
[Black "Vega Gutierrez, Sabrina"]
[Result "1-0"]
[WhiteElo "2143"]
[BlackElo "2374"]
[Annotator "ChessBase"]
[PlyCount "85"]
[EventDate "2019.11.16"]
[EventType "swiss"]
[EventCountry "ESP"]
[SourceTitle "playchess.com"]
[Source "ChessBase"]
[SourceQuality "1"]
[TimeControl "5400+30"]

1. d4 {[%emt 0:00:00]} d5 {[%emt 0:00:00]} 2. c4 {[%emt 0:00:00]} e6 {[%emt 0:00:00]} 3. Nc3 {[%emt 0:00:15]} c6 {[%emt 0:01:48]} 4. e3 {[%emt 0:01:09]} Nf6 {[%emt 0:00:23]} 5. Nf3 {[%emt 0:00:24]} Nbd7 {[%emt 0:00:14]} 6. Qc2 {[%emt 0:00:33]} Bd6 {[%emt 0:00:32]} 7. b3 {[%emt 0:00:21]} O-O {[%emt 0:00:47]} 8. Be2 {[%emt 0:00:46]} b6 {[%emt 0:03:23]} 9. O-O {[%emt 0:00:35]} Bb7 {[%emt 0:00:08]} 10. Bb2 {[%emt 0:02:23]} Qe7 {[%emt 0:00:48]} 11. e4 {[%emt 0:04:47]} dxe4 {[%emt 0:00:36]} 12. Nxe4 {[%emt 0:00:07]} Nxe4 {[%emt 0:00:20]} 13. Qxe4 {[%emt 0:00:06]} f5 {[%emt 0:13:43]} 14. Qc2 {[%emt 0:07:34]} c5 {[%emt 0:02:07]} 15. Rad1 {[%emt 0:03:39]} Rad8 {[%emt 0:21:38]} 16. Rfe1 {[%emt 0:11:22]} Be4 {[%emt 0:09:38]} 17. Qc1 {[%emt 0:01:02]} cxd4 {[%emt 0:03:38]} 18. Bxd4 {[%emt 0:04:19]} e5 {[%emt 0:01:48]} 19. Bc3 {[%emt 0:00:33]} Ba8 {[%emt 0:05:59]} 20. Qg5 {[%emt 0:07:08]} Rf6 {[%emt 0:03:47]} 21. c5 {[%emt 0:04:08]} bxc5 {[%emt 0:09:31]} 22. Bc4+ {[%emt 0:05:40]} Kh8 {[%emt 0:00:05]} 23. Nxe5 {[%emt 0:04:16]} Nxe5 {[%emt 0:00:47]} 24. Bxe5 {[%emt 0:00:23]} Bxe5 {[%emt 0:01:56]} 25. Rxd8+ {[%emt 0:00:19]} Qxd8 {[%emt 0:00:05]} 26. Rxe5 {[%emt 0:00:22]} Be4 {[%emt 0:10:00]} 27. Qd2 {[%emt 0:11:28]} Rf8 {[%emt 0:05:01]} 28. Qxd8 {[%emt 0:01:38]} Rxd8 {[%emt 0:00:02]} 29. f3 {[%emt 0:00:29]} Bb1 {[%emt 0:00:27]} 30. a3 {[%emt 0:05:27]} g5 {[%emt 0:04:06]} 31. h4 {[%emt 0:01:38]} gxh4 {[%emt 0:01:23]} 32. Kh2 {[%emt 0:00:12]} Rc8 {[%emt 0:00:46]} 33. Re7 {[%emt 0:00:12]} a5 {[%emt 0:00:29]} 34. Ra7 {[%emt 0:00:20]} Rb8 {[%emt 0:00:27]} 35. Rxa5 {[%emt 0:02:31]} Bc2 {[%emt 0:00:10]} 36. Rxc5 {[%emt 0:00:13]} Bxb3 {[%emt 0:00:03]} 37. Rb5 {[%emt 0:00:14]} Rxb5 {[%emt 0:00:18]} 38. Bxb5 {[%emt 0:00:09]} Kg7 {[%emt 0:01:29]} 39. Kh3 {[%emt 0:00:40]} Kf6 {[%emt 0:00:13]} 40. Kxh4 {[%emt 0:00:15]} Ke5 {[%emt 0:00:34]} 41. a4 {[%emt 0:01:23]} Bd5 {[%emt 0:00:46]} 42. Bd7 {[%emt 0:00:23]} Kf4 {[%emt 0:00:34]} 43. Bc8 {[%emt 0:00:36]} 1-0

[Event "84th ESP-ch 2019"]
[Site "Marbella"]
[Date "2019.11.20"]
[Round "5.15"]
[White "Serarols Mabras, Bernat"]
[Black "Guillo Longares, Cecilia"]
[Result "1-0"]
[WhiteElo "2367"]
[BlackElo "2100"]
[Annotator "ChessBase"]
[PlyCount "71"]
[EventDate "2019.11.16"]
[EventType "swiss"]
[EventCountry "ESP"]
[SourceTitle "playchess.com"]
[Source "ChessBase"]
[SourceQuality "1"]
[TimeControl "5400+30"]

1. d4 Nf6 {[%emt 0:00:00]} 2. c4 {[%emt 0:00:00]} c5 {[%emt 0:00:00]} 3. d5 {[%emt 0:00:00]} g6 {[%emt 0:00:00]} 4. Nc3 {[%emt 0:00:00]} d6 {[%emt 0:00:00]} 5. e4 {[%emt 0:00:00]} Bg7 {[%emt 0:00:00]} 6. Bd3 {[%emt 0:00:00]} O-O {[%emt 0:00:03]} 7. h3 {[%emt 0:00:00]} e6 {[%emt 0:00:10]} 8. Nf3 {[%emt 0:00:03]} exd5 {[%emt 0:00:06]} 9. cxd5 {[%emt 0:00:04]} a6 {[%emt 0:00:24]} 10. a4 {[%emt 0:00:05]} Nbd7 {[%emt 0:00:13]} 11. O-O {[%emt 0:00:15]} Rb8 {[%emt 0:00:11]} 12. Bf4 {[%emt 0:00:50]} Qe7 {[%emt 0:01:23]} 13. Re1 {[%emt 0:00:24]} Nh5 {[%emt 0:00:28]} 14. Bh2 {[%emt 0:00:22]} Ne5 {[%emt 0:00:27]} 15. Be2 {[%emt 0:00:40]} Nxf3+ {[%emt 0:02:46]} 16. Bxf3 {[%emt 0:00:17]} Be5 {[%emt 0:00:13]} 17. Bxh5 {[%emt 0:09:57]} Bxh2+ {[%emt 0:00:09]} 18. Kxh2 {[%emt 0:00:13]} Qe5+ {[%emt 0:00:11]} 19. g3 {[%emt 0:00:59]} gxh5 {[%emt 0:02:51]} 20. f4 {[%emt 0:02:17]} Qg7 {[%emt 0:00:12]} 21. Qxh5 {[%emt 0:01:11]} Kh8 {[%emt 0:00:12]} 22. e5 {[%emt 0:05:20]} f5 {[%emt 0:04:02]} 23. exd6 {[%emt 0:19:11]} Rg8 {[%emt 0:01:11]} 24. Kh1 {[%emt 0:21:25]} Qxg3 {[%emt 0:18:31]} 25. Rg1 {[%emt 0:00:18]} Qxf4 {[%emt 0:00:16]} 26. Rxg8+ {[%emt 0:00:07]} Kxg8 {[%emt 0:00:03]} 27. Qe8+ {[%emt 0:00:37]} Kg7 {[%emt 0:00:06]} 28. Rg1+ {[%emt 0:00:18]} Kh6 {[%emt 0:00:17]} 29. Qf8+ {[%emt 0:00:18]} Kh5 {[%emt 0:00:08]} 30. Qf7+ {[%emt 0:00:05]} Kh6 {[%emt 0:00:14]} 31. Qg7+ {[%emt 0:00:06]} Kh5 {[%emt 0:00:09]} 32. Qxh7+ {[%emt 0:00:05]} Qh6 {[%emt 0:00:07]} 33. Qxh6+ {[%emt 0:01:20]} Kxh6 {[%emt 0:00:05]} 34. Rg8 {[%emt 0:00:06]} Kh7 {[%emt 0:00:36]} 35. d7 {[%emt 0:00:35]} Kxg8 {[%emt 0:00:33]} 36. d8=Q+ {[%emt 0:00:06]} 1-0

[Event "84th ESP-ch 2019"]
[Site "Marbella"]
[Date "2019.11.20"]
[Round "5.16"]
[White "Hernando Rodrigo, Inmaculada"]
[Black "Alvarez Fernandez, Enrique"]
[Result "0-1"]
[WhiteElo "1863"]
[BlackElo "2349"]
[Annotator "TA"]
[PlyCount "78"]
[EventDate "2019.11.16"]
[EventType "swiss"]
[EventCountry "ESP"]
[SourceTitle "playchess.com"]
[Source "ChessBase"]
[SourceQuality "1"]

{[%evp 9,154,0,14,-4,5,0,6,-2,-16,0,10,3,23,20,18,9,27,9,50,60,106,100,120,69,81,29,42,17,39,-1,2,-10,0,0,0,-57,0,-62,-32,-35,-34,-22,-22,-31,-32,-26,0,-27,0,0,0,-26,0,0,0,0,0,-44,-8,-26,-2,-14,0,0,0,-8,-8,-91,-106,-289,-152,-324,-194,-189,-184,-200,-220,-210,-189,-162,-142,-232,-170,-206,0,-416,-389,-378,-316,-386,-229,-238,-229,-243,-219,-227,-187,-240,-225,-246,-243,-312,-317,-366,-236,-262,0,-370,-375,-355,-309,-332,-354,-5591,-5631,-4893,-4058,-8020,-8710,-7221,-7121,-5409,-1702,-1679,-4579,-5097,-2134,-29968,-29970,-29968,-29967,-29968,-29964,-29958,-29964,-29976,-29978,-29984,-29985,-29985,-29986,-29987,-29987,-29988,-29988,-29990,-29989]} 1. d4 Nf6 2. Nf3 e6 3. Bf4 h6 (3... d5 4. e3 Bd6 5. Nbd2 O-O 6. Bd3 b6 7. Qe2 Bb7 8. O-O c5 9. c3 Bxf4 10. exf4 a5 11. Ne5 Ba6 12. Bxa6 Nxa6 13. Qb5 Qd6 {0-1 (40) Nabaty,T (2658)-Duda,J (2730) Khanty-Mansiysk 2019}) 4. e3 Nh5 5. Bd3 d6 6. Nc3 $146 {[%cal Bb1c3,Bc3e2,Be2f4][%mdl 32] A46: 1 d4 Nf6 2 Nf3 e6: Torre, London and Colle Systems} ({Predecessor:} 6. Bg3 Nd7 7. Bh4 g5 8. Nfd2 Ndf6 9. Bg3 Bg7 10. Nc3 Bd7 11. Bxd6 cxd6 {0-1 (43) Mueller,T (2112)-Zeller,F (2392) Heusenstamm 2015}) 6... g6 7. Qd2 Bg7 8. e4 {The position is equal.} Nxf4 9. Qxf4 a6 10. e5 d5 (10... Qe7 {is interesting.} 11. h4 Nd7 12. O-O O-O 13. Ne4 d5) 11. Ne2 b6 12. Qg3 Nc6 13. Nf4 Ne7 14. Nh5 {[%mdl 64] Pin} Rg8 15. Nxg7+ Rxg7 16. Qh4 (16. Qf4 $16) 16... Ng8 17. Qxd8+ (17. Qf4 {feels hotter.} g5 18. Qe3 g4 19. Ng1 Qg5 20. Ne2) 17... Kxd8 18. Nd2 Ne7 19. g4 a5 20. h4 Ba6 21. Bxa6 Rxa6 22. f4 ({Better is} 22. Ke2 $11) 22... c5 (22... h5 $15) 23. Nf3 (23. Kf2 $11) 23... Kd7 24. Kd2 Ra8 25. Rag1 Rag8 26. c3 a4 27. b3 Nc6 28. Kd3 Na5 29. Nd2 cxd4 30. Kxd4 axb3 31. axb3 g5 32. Ke3 Rc8 33. c4 dxc4 34. bxc4 gxf4+ 35. Kxf4 Nxc4 36. Ne4 Ke7 37. Rd1 Rgg8 38. Nf6 (38. g5 $11) 38... Rgd8 $17 39. Ra1 $2 {[#]} (39. Rxd8 $17 Rxd8 40. Ke4) 39... Rd4+ {Played: Nc4xe5} 0-1

[Event "84th ESP-ch 2019"]
[Site "Marbella"]
[Date "2019.11.20"]
[Round "5.17"]
[White "Zurano Lopez, Pedro"]
[Black "Narciso Dublan, Marc"]
[Result "0-1"]
[WhiteElo "2292"]
[BlackElo "2517"]
[Annotator "TA"]
[PlyCount "86"]
[EventDate "2019.11.16"]
[EventType "swiss"]
[EventCountry "ESP"]
[SourceTitle "playchess.com"]
[Source "ChessBase"]
[SourceQuality "1"]

{[%evp 9,86,0,0,0,9,4,19,19,19,11,34,28,22,24,45,36,32,10,7,6,30,9,15,5,7,8,12,0,14,10,14,-72,-78,-69,-19,-51,-56,-47,-57,-74,-11,-56,-42,-100,-112,-114,-119,-142,-156,-147,-140,-155,-152,-162,-153,-162,-142,-149,-95,-110,-114,-110,-83,-73,-73,-70,-28,-34,-32,-29,-35,-229,-225,-927,-927,-927,-898,-877,-869]} 1. Nf3 d5 2. g3 Bg4 3. Bg2 e6 4. O-O (4. c4 c6 5. O-O Nf6 6. cxd5 Bxf3 7. Bxf3 cxd5 8. d4 Nc6 9. e3 Be7 10. Nc3 O-O 11. Qe2 Rc8 12. Rd1 Qd7 13. Bd2 Rfd8 14. Be1 Ne8 15. Rac1 f5 {0-1 (35) Rapport,R (2747)-Carlsen,M (2882) Saint Louis 2019}) 4... Nf6 5. Ne5 Bh5 6. c4 {A07: Réti Opening: New York and Capablanca Systems} c6 7. cxd5 exd5 8. d4 {The position is equal.} Nbd7 {[%cal Bb8d7,Bd7f8,Bf8e6][%mdl 32]} 9. Nd3 Be7 10. Nc3 Bg6 $146 ({Predecessor:} 10... O-O 11. Nf4 Bg4 12. h3 Bf5 13. g4 Bg6 14. Nxg6 hxg6 {½-½ (43) Biyiksiz,A (1378)-Caliskan,S (1690) Konya 2019}) 11. Nf4 Nf8 12. Re1 Ne6 13. Nxg6 hxg6 14. Qd3 Qb6 15. e3 O-O 16. Bd2 a5 17. Rab1 Rfd8 18. Rec1 Qa7 19. h3 g5 20. f4 (20. a3 $11 {keeps the balance.}) 20... gxf4 $17 21. gxf4 c5 {[%cal Rc5d4]} 22. Nb5 Qb6 {White must now prevent ...c4.} 23. a4 Re8 24. Bc3 Rac8 (24... cxd4 $17 25. Bxd4 (25. Nxd4 Bc5 $15) 25... Nxd4 26. exd4 Bd6) 25. Qd2 cxd4 26. exd4 ({Better is} 26. Nxd4 $15 Nxd4 27. Bxd4) 26... Ne4 27. Bxe4 dxe4 28. Bxa5 {[#]} e3 $1 {[%mdl 512]} 29. Bxb6 (29. Qxe3 Qxa5) 29... exd2 30. Rd1 {[#]} Bb4 $1 ({Resist} 30... Nxf4 31. Rxd2 Bg5 32. Rh2 $17) 31. Nc3 Rc6 ({Don't do} 31... Bxc3 32. bxc3 Nxf4 33. Rxd2 $11) 32. a5 {d5 would now be nice for White.} Nxf4 33. Rxd2 Rg6+ ({Black should try} 33... Nxh3+ 34. Kh1 Rh6) 34. Kh1 Re3 35. Rh2 Bxc3 36. bxc3 Rxc3 37. h4 Rd3 38. h5 Rg5 39. h6 gxh6 40. Rxh6 $2 ({White should play} 40. Bc7 $15 Ne6 41. Be5 Nxd4 42. a6 Rxe5 43. axb7) 40... Nh5 $19 {[%cal Rd3h3]} 41. Rb2 $2 (41. Rxh5 Rxh5+ 42. Kg2) 41... Rh3+ {Black is clearly winning.} 42. Rh2 {[#]} Ng3+ $1 43. Kg2 Rxh6 {Accuracy: White = 43%, Black = 49%.} 0-1

[Event "84th ESP-ch 2019"]
[Site "Marbella"]
[Date "2019.11.20"]
[Round "5.18"]
[White "Kolotilina, Liudmila"]
[Black "Alsina Leal, Daniel"]
[Result "0-1"]
[WhiteElo "2242"]
[BlackElo "2467"]
[Annotator "ChessBase"]
[PlyCount "125"]
[EventDate "2019.11.16"]
[EventType "swiss"]
[EventCountry "ESP"]
[SourceTitle "playchess.com"]
[Source "ChessBase"]
[SourceQuality "1"]
[TimeControl "5400+30"]

1. e4 {[%emt 0:00:00]} c5 {[%emt 0:00:00]} 2. Nc3 {[%emt 0:00:00]} d6 {[%emt 0:01:09]} 3. d4 {[%emt 0:00:00]} cxd4 {[%emt 0:00:12]} 4. Qxd4 {[%emt 0:00:00]} Nc6 {[%emt 0:01:38]} 5. Qd2 {[%emt 0:00:00]} Nf6 {[%emt 0:07:51]} 6. b3 {[%emt 0:00:10]} e6 {[%emt 0:06:59]} 7. Bb2 {[%emt 0:00:15]} Be7 {[%emt 0:00:19]} 8. O-O-O {[%emt 0:00:25]} O-O {[%emt 0:02:25]} 9. f4 {[%emt 0:01:36]} a6 {[%emt 0:01:33]} 10. Kb1 {[%emt 0:07:00]} b5 {[%emt 0:01:29]} 11. Bd3 {[%emt 0:02:22]} Qc7 {[%emt 0:04:37]} 12. g4 {[%emt 0:02:09]} Nd7 {[%emt 0:06:14]} 13. Nf3 {[%emt 0:08:11]} Nc5 {[%emt 0:01:15]} 14. g5 {[%emt 0:00:50]} f5 {[%emt 0:26:23]} 15. exf5 {[%emt 0:31:45]} Nxd3 {[%emt 0:00:24]} 16. Qxd3 {[%emt 0:01:05]} Rxf5 {[%emt 0:00:40]} 17. Qe3 {[%emt 0:01:33]} Bf8 {[%emt 0:14:22]} 18. Nh4 {[%emt 0:13:28]} Rc5 {[%emt 0:00:16]} 19. Rd2 {[%emt 0:07:06]} d5 {[%emt 0:08:15]} 20. Ne2 {[%emt 0:00:23]} e5 {[%emt 0:01:37]} 21. fxe5 {[%emt 0:01:22]} d4 {[%emt 0:00:22]} 22. Nxd4 {[%emt 0:01:03]} Rxe5 {[%emt 0:01:48]} 23. Qc3 {[%emt 0:01:04]} Rc5 {[%emt 0:00:55]} 24. Qe3 {[%emt 0:01:36]} Qe7 {[%emt 0:02:42]} 25. Qxe7 {[%emt 0:02:40]} Nxe7 {[%emt 0:01:54]} 26. Nhf3 {[%emt 0:01:42]} Nd5 {[%emt 0:01:31]} 27. Re1 {[%emt 0:02:57]} Nc3+ {[%emt 0:00:40]} 28. Bxc3 {[%emt 0:05:18]} Rxc3 {[%emt 0:00:04]} 29. Re8 {[%emt 0:00:13]} Bb7 {[%emt 0:00:46]} 30. Rxa8 {[%emt 0:00:06]} Bxa8 {[%emt 0:00:04]} 31. Ne5 {[%emt 0:00:39]} Re3 {[%emt 0:01:51]} 32. Ndc6 {[%emt 0:02:33]} Rc3 {[%emt 0:02:06]} 33. Nd4 {[%emt 0:00:39]} Rc5 {[%emt 0:03:30]} 34. Nd7 {[%emt 0:03:44]} Rxg5 {[%emt 0:00:11]} 35. Nxf8 {[%emt 0:00:01]} Rg1+ {[%emt 0:00:14]} 36. Kb2 {[%emt 0:00:02]} Kxf8 {[%emt 0:00:24]} 37. Nxb5 {[%emt 0:00:19]} axb5 {[%emt 0:01:03]} 38. Rd8+ {[%emt 0:00:00]} Ke7 {[%emt 0:00:06]} 39. Rxa8 {[%emt 0:00:01]} Rg2 {[%emt 0:00:43]} 40. h3 {[%emt 0:00:29]} Rh2 {[%emt 0:00:41]} 41. Rb8 {[%emt 0:01:54]} Rxh3 {[%emt 0:00:04]} 42. Rxb5 {[%emt 0:00:01]} Kd6 {[%emt 0:01:10]} 43. a4 {[%emt 0:00:20]} Kc6 {[%emt 0:00:27]} 44. Rg5 {[%emt 0:01:40]} g6 {[%emt 0:00:23]} 45. b4 {[%emt 0:00:39]} Rh5 {[%emt 0:00:32]} 46. Rg3 {[%emt 0:00:19]} Rf5 {[%emt 0:00:21]} 47. Kb3 {[%emt 0:00:41]} g5 {[%emt 0:00:08]} 48. b5+ {[%emt 0:00:15]} Kb7 {[%emt 0:00:29]} 49. Rh3 {[%emt 0:01:47]} Rf7 {[%emt 0:00:04]} 50. Kb4 {[%emt 0:00:37]} g4 {[%emt 0:00:10]} 51. Rh5 {[%emt 0:00:37]} Rg7 {[%emt 0:00:12]} 52. a5 {[%emt 0:01:22]} g3 {[%emt 0:00:04]} 53. a6+ {[%emt 0:00:43]} Kb6 {[%emt 0:02:28]} 54. Rh6+ {[%emt 0:00:08]} Ka7 {[%emt 0:00:07]} 55. Ka5 {[%emt 0:00:56]} g2 {[%emt 0:00:05]} 56. b6+ {[%emt 0:00:33]} Ka8 {[%emt 0:01:18]} 57. Re6 {[%emt 0:00:37]} Rg5+ {[%emt 0:00:15]} 58. Kb4 {[%emt 0:00:10]} Rg8 {[%emt 0:00:11]} 59. Re7 {[%emt 0:00:47]} g1=Q {[%emt 0:00:15]} 60. Ra7+ {[%emt 0:00:04]} Kb8 {[%emt 0:00:04]} 61. Rb7+ {[%emt 0:00:02]} Kc8 {[%emt 0:00:13]} 62. Rc7+ {[%emt 0:00:04]} Kd8 {[%emt 0:00:07]} 63. a7 {[%emt 0:00:09]} 0-1

[Event "84th ESP-ch 2019"]
[Site "Marbella"]
[Date "2019.11.20"]
[Round "5.19"]
[White "Tejedor Fuente, Enrique"]
[Black "Martin Hernandez, Ruben"]
[Result "1-0"]
[WhiteElo "2457"]
[BlackElo "2206"]
[Annotator "ChessBase"]
[PlyCount "69"]
[EventDate "2019.11.16"]
[EventType "swiss"]
[EventCountry "ESP"]
[SourceTitle "playchess.com"]
[Source "ChessBase"]
[SourceQuality "1"]
[TimeControl "5400+30"]

1. e4 {[%emt 0:00:00]} c5 {[%emt 0:00:11]} 2. Nc3 {[%emt 0:00:00]} e6 {[%emt 0:01:29]} 3. g3 {[%emt 0:00:44]} Nc6 {[%emt 0:01:38]} 4. Bg2 {[%emt 0:00:03]} g6 {[%emt 0:02:20]} 5. d3 {[%emt 0:00:02]} Bg7 {[%emt 0:00:17]} 6. Be3 {[%emt 0:00:14]} d6 {[%emt 0:02:34]} 7. Qd2 {[%emt 0:00:56]} h6 {[%emt 0:00:36]} 8. Nge2 {[%emt 0:06:18]} Nd4 {[%emt 0:01:16]} 9. Nc1 {[%emt 0:02:50]} Ne7 {[%emt 0:01:24]} 10. Nd1 {[%emt 0:00:12]} e5 {[%emt 0:09:49]} 11. O-O {[%emt 0:00:55]} d5 {[%emt 0:07:52]} 12. exd5 {[%emt 0:03:35]} Nxd5 {[%emt 0:00:13]} 13. Nb3 {[%emt 0:00:59]} Nxe3 {[%emt 0:15:42]} 14. Nxe3 {[%emt 0:03:31]} Nxb3 {[%emt 0:13:07]} 15. axb3 {[%emt 0:01:25]} O-O {[%emt 0:02:03]} 16. Qa5 {[%emt 0:00:54]} b6 {[%emt 0:02:48]} 17. Qd2 {[%emt 0:05:48]} Rb8 {[%emt 0:01:43]} 18. Rxa7 {[%emt 0:00:03]} f5 {[%emt 0:00:06]} 19. Nc4 {[%emt 0:02:52]} Bd7 {[%emt 0:11:23]} 20. Re1 {[%emt 0:02:50]} Re8 {[%emt 0:00:05]} 21. b4 {[%emt 0:03:49]} Bb5 {[%emt 0:08:11]} 22. Nxe5 {[%emt 0:04:58]} Rxe5 {[%emt 0:03:40]} 23. Rxe5 {[%emt 0:00:41]} Bxe5 {[%emt 0:00:26]} 24. Qxh6 {[%emt 0:00:05]} Be8 {[%emt 0:00:59]} 25. c4 {[%emt 0:02:03]} Bf7 {[%emt 0:01:54]} 26. Bd5 {[%emt 0:00:59]} Bxd5 {[%emt 0:00:48]} 27. Qxg6+ {[%emt 0:00:01]} Kf8 {[%emt 0:00:14]} 28. Qh6+ {[%emt 0:00:31]} Kg8 {[%emt 0:00:27]} 29. Qh7+ {[%emt 0:13:50]} Kf8 {[%emt 0:02:25]} 30. Rd7 {[%emt 0:02:51]} Qf6 {[%emt 0:05:22]} 31. Rxd5 {[%emt 0:00:13]} cxb4 {[%emt 0:00:20]} 32. d4 {[%emt 0:04:05]} Bxd4 {[%emt 0:00:25]} 33. Rxf5 {[%emt 0:00:06]} Bxb2 {[%emt 0:00:01]} 34. Rxf6+ {[%emt 0:00:24]} Bxf6 {[%emt 0:00:02]} 35. Qc7 {[%emt 0:00:21]} 1-0